Oral pathology for the dental hygienist : (Record no. 2361)

MARC details
000 -LEADER
fixed length control field 01255nam a22001575i 4500
008 - FIXED-LENGTH DATA ELEMENTS--GENERAL INFORMATION
fixed length control field 210409s2022 mou 000 0 eng
020 ## - INTERNATIONAL STANDARD BOOK NUMBER
ISBN 9780323764032
100 1# - MAIN ENTRY--AUTHOR
Author Ibsen, Olga A.C.,
245 10 - TITLE STATEMENT
Title Oral pathology for the dental hygienist :
Remainder of title with general pathology introductions /
Statement of responsibility, etc Olga A.C. Ibsen, Scott M. Peters.
250 ## - EDITION STATEMENT
Edition statement 8.
260 ## - PUBLICATION, DISTRIBUTION, ETC. (IMPRINT)
Place of publication Missouri
Name of publisher Elsevier
Date of publication 2023
300 ## - COLLATION
Pagination pages cm
520 ## - SUMMARY, ETC.
Summary, etc "Oral Pathology for the Dental Hygienist: With General Pathology Introductions will teach the dental hygiene student to recognize lesions and conditions, describe them using professional terminology and, through data collection, assist in the preliminary diagnosis of the lesion/condition identified. The text is supported by full-color illustrations. Although the intended audience is the dental hygiene student, this text is also an excellent reference for dental students and practicing dental hygiene professionals. It covers the pathologic conditions likely to be encountered in private practice and integrative health care settings. Furthermore, it can provide an introduction to oral disease for other health professionals, such as nurses, physician assistants, and medical technologists"--
700 1# - ADDITIONAL AUTHOR
Additional Author Peters, Scott M.,
942 ## - ADDED ENTRY ELEMENTS (KOHA)
Item type Books

No items available.